[Event "MPJ C18"]
[Site "?"]
[Date "2016.03.18"]
[Round "7.6"]
[White "Osinski, Emil"]
[Black "Zylka, Stanislaw"]
[Result "1/2-1/2"]
[LiveChessVersion "1.4.8"]
[BlackElo "2180"]
[WhiteElo "2017"]

1. e4 {[%clk 1:30:57]} c5 {[%clk 1:30:53]} 2. Nf3 {[%clk 1:31:21]} e6
{[%clk 1:31:16]} 3. d4 {[%clk 1:31:01]} cxd4 {[%clk 1:31:36]} 4. Nxd4
{[%clk 1:31:27]} a6 {[%clk 1:31:56]} 5. Bd3 {[%clk 1:31:16]} Nf6 {[%clk 1:32:12]}
6. O-O {[%clk 1:30:57]} d6 {[%clk 1:32:26]} 7. c4 {[%clk 1:24:55]} g6
{[%clk 1:31:28]} 8. Nc3 {[%clk 1:23:02]} Bg7 {[%clk 1:31:44]} 9. Be3
{[%clk 1:21:16]} O-O {[%clk 1:31:49]} 10. f3 {[%clk 1:16:03]} Nbd7
{[%clk 1:30:48]} 11. Qd2 {[%clk 1:14:18]} Ne5 {[%clk 1:30:11]} 12. Be2
{[%clk 1:13:49]} Qc7 {[%clk 1:28:14]} 13. Rac1 {[%clk 1:11:42]} Re8
{[%clk 1:23:05]} 14. Rfd1 {[%clk 1:10:50]} b6 {[%clk 1:13:51]} 15. b4
{[%clk 1:04:55]} Bb7 {[%clk 0:56:01]} 16. Nb3 {[%clk 1:02:49]} Bf8
{[%clk 0:34:35]} 17. Na4 {[%clk 0:43:13]} Nfd7 {[%clk 0:33:46]} 18. f4
{[%clk 0:33:59]} Nc6 {[%clk 0:31:48]} 19. e5 {[%clk 0:32:32]} d5 {[%clk 0:30:10]}
20. cxd5 {[%clk 0:32:03]} exd5 {[%clk 0:30:30]} 21. Bf3 {[%clk 0:15:50]} Rad8
{[%clk 0:29:59]} 22. Bxd5 {[%clk 0:13:09]} Qb8 {[%clk 0:28:55]} 23. a3
{[%clk 0:08:18]} Ncxe5 {[%clk 0:21:24]} 24. fxe5 {[%clk 0:05:26]} Bxd5
{[%clk 0:21:35]} 25. Qxd5 {[%clk 0:04:49]} Nc5 {[%clk 0:21:55]} 26. Qc4
{[%clk 0:02:41]} b5 {[%clk 0:20:20]} 27. Qxc5 {[%clk 0:01:18]} bxa4
{[%clk 0:12:32]} 28. Qc3 {[%clk 0:01:15]} axb3 {[%clk 0:12:50]} 29. Qxb3
{[%clk 0:01:11]} Qxe5 {[%clk 0:12:52]} 30. Rxd8 {[%clk 0:01:12]} Rxd8
{[%clk 0:13:09]} 31. Rf1 {[%clk 0:01:20]} Rd7 {[%clk 0:12:13]} 32. Bf2
{[%clk 0:00:50]} Qe2 {[%clk 0:08:47]} 33. Bg3 {[%clk 0:00:48]} Bg7
{[%clk 0:07:22]} 34. Re1 {[%clk 0:00:43]} Bd4+ {[%clk 0:07:35]} 35. Kh1
{[%clk 0:00:57]} Qb5 {[%clk 0:07:11]} 36. Qf3 {[%clk 0:00:54]} Kg7
{[%clk 0:06:34]} 37. h3 {[%clk 0:01:03]} Rd5 {[%clk 0:04:52]} 38. Qe4
{[%clk 0:00:39]} Bf6 {[%clk 0:03:37]} 39. Kh2 {[%clk 0:00:42]} h5
{[%clk 0:03:39]} 40. Qf3 {[%clk 0:30:34]} h4 {[%clk 0:32:07]} 41. Bf4
{[%clk 0:27:36]} Rf5 {[%clk 0:28:52]} 42. Qe4 {[%clk 0:25:35]} Bc3
{[%clk 0:25:26]} 43. Re3 {[%clk 0:23:25]} Bf6 {[%clk 0:24:13]} 1/2-1/2

[Event "MPJ C18"]
[Site "?"]
[Date "2016.03.18"]
[Round "7.7"]
[White "Buraczewski, Rafal"]
[Black "Mockun, Dawid"]
[Result "1/2-1/2"]
[LiveChessVersion "1.4.8"]
[BlackElo "1933"]
[WhiteElo "1973"]

1. d4 {[%clk 1:30:36]} d5 {[%clk 1:30:28]} 2. c4 {[%clk 1:28:59]} c6
{[%clk 1:30:22]} 3. cxd5 {[%clk 1:25:44]} cxd5 {[%clk 1:27:19]} 4. Nf3
{[%clk 1:24:58]} Nc6 {[%clk 1:27:06]} 5. Nc3 {[%clk 1:23:45]} Nf6
{[%clk 1:26:45]} 6. Bf4 {[%clk 1:22:42]} Bf5 {[%clk 1:25:01]} 7. e3
{[%clk 1:21:41]} e6 {[%clk 1:24:36]} 8. Bd3 {[%clk 1:17:52]} Bxd3
{[%clk 1:20:40]} 9. Qxd3 {[%clk 1:18:08]} Bd6 {[%clk 1:15:51]} 10. Bxd6
{[%clk 1:15:26]} Qxd6 {[%clk 1:16:06]} 11. O-O {[%clk 1:15:51]} O-O
{[%clk 1:16:07]} 12. e4 {[%clk 1:13:43]} dxe4 {[%clk 1:13:48]} 13. Nxe4
{[%clk 1:13:45]} Nxe4 {[%clk 1:13:31]} 14. Qxe4 {[%clk 1:13:36]} Qd5
{[%clk 1:13:54]} 15. Qxd5 {[%clk 1:13:55]} exd5 {[%clk 1:14:20]} 16. Rfe1
{[%clk 1:13:33]} Rfe8 {[%clk 1:14:45]} 17. Kf1 {[%clk 1:12:14]} f6
{[%clk 1:11:43]} 18. a3 {[%clk 1:11:04]} Kf7 {[%clk 1:11:47]} 19. Rxe8
{[%clk 1:09:35]} Rxe8 {[%clk 1:12:04]} 20. Re1 {[%clk 1:10:30]} Rxe1+
{[%clk 1:11:13]} 21. Kxe1 {[%clk 1:10:56]} h5 {[%clk 1:10:50]} 22. Ke2
{[%clk 1:11:09]} g5 {[%clk 1:11:05]} 23. Kd3 {[%clk 1:11:31]} Ke6
{[%clk 1:10:52]} 24. Nd2 {[%clk 1:10:52]} b6 {[%clk 1:11:09]} 25. Nb1
{[%clk 1:07:17]} a6 {[%clk 1:09:07]} 26. Nd2 {[%clk 1:06:50]} Kd6
{[%clk 1:09:24]} 27. b4 {[%clk 1:06:05]} Kc7 {[%clk 1:07:44]} 28. Nb3
{[%clk 1:06:13]} Kd6 {[%clk 1:08:06]} 29. Kc3 {[%clk 1:05:06]} Kc7
{[%clk 1:08:10]} 30. a4 {[%clk 1:04:18]} Kd6 {[%clk 1:08:31]} 31. a5
{[%clk 1:04:06]} bxa5 {[%clk 1:08:51]} 32. Nxa5 {[%clk 1:04:22]} Nxa5
{[%clk 1:08:54]} 33. bxa5 {[%clk 1:04:49]} f5 {[%clk 1:09:12]} 34. g3
{[%clk 1:04:11]} Kc6 {[%clk 1:09:21]} 35. Kb4 {[%clk 1:04:35]} Kd6
{[%clk 1:09:45]} 36. Ka4 {[%clk 1:04:58]} Kc6 {[%clk 1:10:08]} 37. Kb4
{[%clk 1:05:23]} Kd6 {[%clk 1:10:33]} 38. Kb3 {[%clk 1:05:29]} Kc7
{[%clk 1:10:57]} 39. Kc3 {[%clk 1:05:53]} Kb7 {[%clk 1:11:23]} 40. Kb4
{[%clk 1:36:12]} Kc6 {[%clk 1:41:49]} 41. Ka4 {[%clk 1:36:20]} 1/2-1/2

[Event "MPJ C18"]
[Site "?"]
[Date "2016.03.18"]
[Round "7.8"]
[White "Zarnowski, Krzysztof"]
[Black "Kanicki, Krzysztof"]
[Result "0-1"]
[LiveChessVersion "1.4.8"]
[BlackElo "2208"]
[WhiteElo "1940"]

1. d4 {[%clk 1:30:53]} Nf6 {[%clk 1:30:53]} 2. c4 {[%clk 1:31:17]} g6
{[%clk 1:31:18]} 3. Nc3 {[%clk 1:31:34]} Bg7 {[%clk 1:31:43]} 4. e4
{[%clk 1:28:57]} d6 {[%clk 1:32:05]} 5. Be2 {[%clk 1:28:35]} O-O {[%clk 1:32:22]}
6. Bg5 {[%clk 1:26:51]} Na6 {[%clk 1:32:24]} 7. Qd2 {[%clk 1:26:45]} e5
{[%clk 1:27:47]} 8. d5 {[%clk 1:27:06]} c6 {[%clk 1:22:05]} 9. f3
{[%clk 1:16:43]} cxd5 {[%clk 1:08:55]} 10. cxd5 {[%clk 1:15:49]} Bd7
{[%clk 1:08:44]} 11. Bxa6 {[%clk 1:09:17]} bxa6 {[%clk 1:09:09]} 12. Nge2
{[%clk 1:09:30]} Qb6 {[%clk 1:05:51]} 13. Be3 {[%clk 1:08:14]} Qb4
{[%clk 1:03:54]} 14. O-O {[%clk 1:06:07]} Ne8 {[%clk 1:00:09]} 15. a3
{[%clk 0:58:45]} Qb7 {[%clk 0:55:21]} 16. b4 {[%clk 0:53:15]} Nc7
{[%clk 0:53:05]} 17. Rfc1 {[%clk 0:52:17]} f5 {[%clk 0:52:10]} 18. Nd1
{[%clk 0:46:24]} f4 {[%clk 0:47:29]} 19. Bf2 {[%clk 0:46:37]} Rfc8
{[%clk 0:42:34]} 20. Nb2 {[%clk 0:45:39]} Bb5 {[%clk 0:32:25]} 21. Nc3
{[%clk 0:38:17]} Ne8 {[%clk 0:27:00]} 22. Na2 {[%clk 0:34:43]} Bf6
{[%clk 0:26:01]} 23. a4 {[%clk 0:32:57]} Bd7 {[%clk 0:26:26]} 24. Rxc8
{[%clk 0:25:16]} Rxc8 {[%clk 0:26:02]} 25. Rc1 {[%clk 0:25:35]} Rxc1+
{[%clk 0:22:02]} 26. Nxc1 {[%clk 0:17:59]} Bd8 {[%clk 0:19:12]} 27. a5
{[%clk 0:16:57]} Nc7 {[%clk 0:18:12]} 28. Nb3 {[%clk 0:15:01]} Nb5
{[%clk 0:17:31]} 29. Nc4 {[%clk 0:13:42]} Qc7 {[%clk 0:15:59]} 30. Qd3
{[%clk 0:13:58]} Be7 {[%clk 0:12:44]} 31. Kf1 {[%clk 0:13:39]} g5
{[%clk 0:12:38]} 32. h3 {[%clk 0:12:18]} Kf7 {[%clk 0:11:44]} 33. Ke1
{[%clk 0:12:22]} h5 {[%clk 0:11:55]} 34. Kd2 {[%clk 0:10:39]} g4 {[%clk 0:10:56]}
35. hxg4 {[%clk 0:10:54]} hxg4 {[%clk 0:11:25]} 36. Qc2 {[%clk 0:07:22]} Qb8
{[%clk 0:08:15]} 37. Nc1 {[%clk 0:06:14]} Qh8 {[%clk 0:07:56]} 38. Nd3
{[%clk 0:03:42]} Kf8 {[%clk 0:03:44]} 39. Qd1 {[%clk 0:02:22]} Qh2
{[%clk 0:02:21]} 40. Qf1 {[%clk 0:30:44]} gxf3 {[%clk 0:30:36]} 41. gxf3
{[%clk 0:30:04]} Nd4 {[%clk 0:24:54]} 42. Kc3 {[%clk 0:30:12]} Nxf3
{[%clk 0:23:08]} 43. Bxa7 {[%clk 0:29:59]} Ng5 {[%clk 0:21:06]} 44. Nd2
{[%clk 0:28:55]} Bb5 {[%clk 0:19:57]} 45. Bf2 {[%clk 0:24:30]} Nh3
{[%clk 0:16:49]} 46. Be1 {[%clk 0:24:34]} Ng5 {[%clk 0:13:24]} 47. Kb3
{[%clk 0:23:28]} Qh5 {[%clk 0:10:52]} 48. Kc2 {[%clk 0:22:31]} Ba4+
{[%clk 0:09:50]} 49. Kb2 {[%clk 0:22:20]} Qd1 {[%clk 0:08:43]} 50. Nxf4
{[%clk 0:20:25]} exf4 {[%clk 0:08:09]} 51. Qxf4+ {[%clk 0:20:43]} Kg7
{[%clk 0:08:03]} 52. e5 {[%clk 0:14:58]} Qxe1 {[%clk 0:08:24]} 0-1

[Event "MPJ C18"]
[Site "?"]
[Date "2016.03.18"]
[Round "7.9"]
[White "Piotrowski, Przemyslaw"]
[Black "Fukowski, Pawel"]
[Result "1-0"]
[LiveChessVersion "1.4.8"]
[BlackElo "1966"]
[WhiteElo "2140"]

1. Nf3 Nf6 2. g3 g6 3. b3 Bg7 4. Bb2 O-O 5. Bg2 Nc6 6. d4 d6 7. O-O Rb8 8. c4 a6
9. Nbd2 e5 10. dxe5 Ng4 11. Qc2 Ncxe5 12. Nxe5 Bxe5 13. h3 Bxb2 14. Qxb2 Qf6 15.
Qc2 Nh6 16. e4 Qe7 17. Rae1 f6 18. f4 Nf7 19. Nf3 Re8 20. Rf2 c5 21. Rfe2 Be6 22.
g4 b5 23. cxb5 axb5 24. Rd2 Rb6 25. f5 Bc8 26. fxg6 hxg6 27. e5 Nxe5 28. Nxe5
dxe5 29. Qxg6+ Kh8 30. Be4 Ra6 31. Rf2 Rf8 32. Ref1 Qg7 33. Qh5+ Kg8 34. Qh4 c4
35. Kh2 cxb3 36. axb3 Rd6 37. Bf5 Rfd8 38. g5 fxg5 39. Bh7+ Kh8 1-0

[Event "MPJ C18"]
[Site "?"]
[Date "2016.03.18"]
[Round "7.10"]
[White "Winiarski, Mikolaj"]
[Black "Michalski, Filip"]
[Result "1-0"]
[LiveChessVersion "1.4.8"]
[BlackElo "2155"]
[WhiteElo "2037"]

1. e4 e6 2. d4 d5 3. Nd2 Be7 4. Ngf3 Nf6 5. e5 Nfd7 6. Bd3 c5 7. c3 b6 8. Nf1 Ba6
9. Bxa6 Nxa6 10. Ng3 O-O 11. O-O b5 12. a4 Nc7 13. axb5 Nxb5 14. Re1 Qb6 15. Be3
cxd4 16. Nxd4 Nxd4 17. Bxd4 Qb7 18. b4 Nb6 19. Qg4 Nc4 20. Nh5 g6 21. Nf6+ Kg7
22. h4 Rh8 23. h5 Qc7 24. Qf4 Qb7 25. Rad1 h6 26. hxg6 fxg6 27. Rd3 Raf8 28. Qg4
Qc6 29. Rg3 g5 30. b5 Qc8 31. f4 Bxf6 32. exf6+ Kf7 33. Qh5+ 1-0

[Event "MPJ C18"]
[Site "?"]
[Date "2016.03.18"]
[Round "7.11"]
[White "Czajkowski, Adam"]
[Black "Januszkiewicz, Wojciech"]
[Result "1-0"]
[LiveChessVersion "1.4.8"]
[BlackElo "1922"]
[WhiteElo "2110"]

1. e4 c5 2. Nf3 d6 3. d4 cxd4 4. Nxd4 Nf6 5. Nc3 g6 6. g3 Bg7 7. Bg2 O-O 8. O-O
Nc6 9. Nde2 Bd7 10. h3 a6 11. a4 Rb8 12. Nd5 b5 13. axb5 axb5 14. Be3 Re8 15. Kh2
Na5 16. Nb4 Nc6 17. Qd2 Nxb4 18. Qxb4 Qc7 19. Ra7 Qxc2 20. Nc3 Be6 21. Rc1 Qb3
22. Qxb3 Bxb3 23. e5 dxe5 24. Bc6 Rec8 25. Nxb5 h5 26. Nc7 e6 27. Na6 Nd5 28.
Nxb8 Rxb8 29. Rca1 Nxe3 30. Ra8 Rxa8 31. Rxa8+ Kh7 32. fxe3 Bh6 33. Ra3 Bd5 34.
Bxd5 exd5 35. b4 Bf8 36. Rb3 d4 37. exd4 exd4 38. b5 1-0

[Event "MPJ C18"]
[Site "?"]
[Date "2016.03.18"]
[Round "7.12"]
[White "Golda, Sebastian"]
[Black "Wacior, Maciej"]
[Result "0-1"]
[LiveChessVersion "1.4.8"]
[BlackElo "2090"]
[WhiteElo "1941"]

1. e4 {[%clk 1:30:53]} c6 {[%clk 1:30:57]} 2. d4 {[%clk 1:31:14]} d5
{[%clk 1:31:24]} 3. Nc3 {[%clk 1:31:40]} dxe4 {[%clk 1:31:51]} 4. Nxe4
{[%clk 1:32:06]} Nd7 {[%clk 1:32:19]} 5. Bc4 {[%clk 1:31:58]} Ngf6
{[%clk 1:32:42]} 6. Ng5 {[%clk 1:32:23]} e6 {[%clk 1:33:09]} 7. Qe2
{[%clk 1:32:48]} Nb6 {[%clk 1:33:36]} 8. Bd3 {[%clk 1:33:12]} h6 {[%clk 1:33:59]}
9. N5f3 {[%clk 1:31:18]} c5 {[%clk 1:34:22]} 10. dxc5 {[%clk 1:27:47]} Bxc5
{[%clk 1:34:45]} 11. Ne5 {[%clk 1:28:01]} a6 {[%clk 1:27:55]} 12. Ngf3
{[%clk 1:25:38]} Nbd5 {[%clk 1:27:59]} 13. c3 {[%clk 1:21:07]} Qc7
{[%clk 1:27:28]} 14. O-O {[%clk 1:21:14]} b6 {[%clk 1:27:28]} 15. Re1
{[%clk 1:18:31]} Bd6 {[%clk 1:23:03]} 16. Bd2 {[%clk 1:00:28]} O-O
{[%clk 1:12:11]} 17. a3 {[%clk 0:53:39]} Bb7 {[%clk 1:11:58]} 18. c4
{[%clk 0:44:44]} Ne7 {[%clk 1:12:17]} 19. h3 {[%clk 0:42:36]} Rad8
{[%clk 1:10:43]} 20. Rad1 {[%clk 0:34:43]} Nf5 {[%clk 1:04:08]} 21. Bc3
{[%clk 0:27:50]} Nh5 {[%clk 0:52:40]} 22. Qc2 {[%clk 0:25:58]} Bxf3
{[%clk 0:40:02]} 23. Nxf3 {[%clk 0:25:37]} Ne7 {[%clk 0:29:00]} 24. g3
{[%clk 0:10:53]} Bxg3 {[%clk 0:28:47]} 25. fxg3 {[%clk 0:11:15]} Qxg3+
{[%clk 0:29:16]} 26. Qg2 {[%clk 0:11:29]} Qxg2+ {[%clk 0:29:42]} 27. Kxg2
{[%clk 0:11:41]} Nf4+ {[%clk 0:29:09]} 28. Kh2 {[%clk 0:09:38]} Rxd3
{[%clk 0:29:02]} 29. Rxd3 {[%clk 0:08:55]} Nxd3 {[%clk 0:29:30]} 30. Rd1
{[%clk 0:09:08]} Nc5 {[%clk 0:29:32]} 31. Rd6 {[%clk 0:07:42]} Na4
{[%clk 0:25:26]} 32. Be5 {[%clk 0:06:12]} f6 {[%clk 0:24:30]} 33. Bf4
{[%clk 0:05:01]} e5 {[%clk 0:24:52]} 34. Bc1 {[%clk 0:05:27]} Nf5
{[%clk 0:23:56]} 35. Rc6 {[%clk 0:05:11]} Rd8 {[%clk 0:22:24]} 36. b3
{[%clk 0:05:24]} Nc5 {[%clk 0:22:51]} 37. Rxb6 {[%clk 0:05:13]} Rd1
{[%clk 0:23:17]} 38. Bb2 {[%clk 0:05:29]} e4 {[%clk 0:23:38]} 39. Rb8+
{[%clk 0:05:09]} Kh7 {[%clk 0:24:01]} 40. b4 {[%clk 0:05:00]} exf3
{[%clk 0:24:23]} 0-1

[Event "MPJ C18"]
[Site "?"]
[Date "2016.03.18"]
[Round "7.13"]
[White "Lizak, Jakub"]
[Black "Kaminski, Piotr"]
[Result "1-0"]
[LiveChessVersion "1.4.8"]
[BlackElo "1920"]
[WhiteElo "2176"]

1. e4 {[%clk 1:30:59]} c5 {[%clk 1:30:40]} 2. Nf3 {[%clk 1:31:25]} Nc6
{[%clk 1:31:02]} 3. d4 {[%clk 1:31:51]} cxd4 {[%clk 1:31:29]} 4. Nxd4
{[%clk 1:32:17]} g6 {[%clk 1:31:52]} 5. c4 {[%clk 1:32:40]} Nf6 {[%clk 1:32:17]}
6. Nc3 {[%clk 1:33:06]} d6 {[%clk 1:32:42]} 7. Be2 {[%clk 1:33:32]} Bg7
{[%clk 1:32:58]} 8. Be3 {[%clk 1:33:29]} O-O {[%clk 1:33:22]} 9. O-O
{[%clk 1:33:53]} Bd7 {[%clk 1:33:11]} 10. Qd2 {[%clk 1:34:05]} Nxd4
{[%clk 1:33:27]} 11. Bxd4 {[%clk 1:34:31]} Bc6 {[%clk 1:33:52]} 12. f3
{[%clk 1:34:58]} a5 {[%clk 1:33:40]} 13. b3 {[%clk 1:35:23]} Nd7 {[%clk 1:33:48]}
14. Bf2 {[%clk 1:35:47]} Nc5 {[%clk 1:33:05]} 15. Rab1 {[%clk 1:36:15]} Qb6
{[%clk 1:30:40]} 16. a3 {[%clk 1:36:39]} Qd8 {[%clk 1:05:49]} 17. Bd1
{[%clk 1:37:01]} f5 {[%clk 0:46:44]} 18. exf5 {[%clk 1:26:06]} Rxf5
{[%clk 0:45:35]} 19. Bc2 {[%clk 1:20:39]} Rf7 {[%clk 0:43:33]} 20. b4
{[%clk 1:18:11]} axb4 {[%clk 0:43:58]} 21. axb4 {[%clk 1:18:26]} Ra3
{[%clk 0:38:55]} 22. Nb5 {[%clk 1:14:45]} Bxb5 {[%clk 0:33:34]} 23. cxb5
{[%clk 1:15:12]} Ne6 {[%clk 0:30:43]} 24. Bb3 {[%clk 1:14:35]} Qd7
{[%clk 0:29:25]} 25. Rfe1 {[%clk 1:14:36]} Be5 {[%clk 0:25:22]} 26. Rxe5
{[%clk 1:14:25]} 1-0

[Event "MPJ C18"]
[Site "?"]
[Date "2016.03.18"]
[Round "7.14"]
[White "Adamczewski, Maciej"]
[Black "Smal, Tobiasz"]
[Result "1/2-1/2"]
[LiveChessVersion "1.4.8"]
[BlackElo "2017"]
[WhiteElo "1961"]

1. d4 {[%clk 1:30:40]} Nf6 {[%clk 1:28:26]} 2. c4 {[%clk 1:29:08]} g6
{[%clk 1:27:42]} 3. Nc3 {[%clk 1:28:16]} d5 {[%clk 1:23:00]} 4. cxd5
{[%clk 1:23:47]} Nxd5 {[%clk 1:22:58]} 5. e4 {[%clk 1:24:11]} Nxc3
{[%clk 1:22:42]} 6. bxc3 {[%clk 1:24:32]} Bg7 {[%clk 1:23:03]} 7. Nf3
{[%clk 1:22:52]} O-O {[%clk 1:21:08]} 8. Rb1 {[%clk 1:18:06]} c5 {[%clk 1:21:23]}
9. Be2 {[%clk 1:18:02]} cxd4 {[%clk 1:21:43]} 10. cxd4 {[%clk 1:18:27]} Qa5+
{[%clk 1:22:04]} 11. Bd2 {[%clk 1:18:38]} Qxa2 {[%clk 1:22:19]} 12. Qc1
{[%clk 1:19:03]} Qa4 {[%clk 1:22:34]} 13. Bb5 {[%clk 1:19:09]} Qa2
{[%clk 1:22:45]} 14. Bc4 {[%clk 1:19:09]} Qa4 {[%clk 1:22:53]} 15. Bb5
{[%clk 1:19:28]} Qa2 {[%clk 1:23:18]} 16. Bc4 {[%clk 1:19:46]} Qa4
{[%clk 1:23:41]} 17. Bb5 {[%clk 1:20:03]} Qa2 {[%clk 1:23:29]} 18. Bc4
{[%clk 1:20:28]} 1/2-1/2

[Event "MPJ C18"]
[Site "?"]
[Date "2016.03.19"]
[Round "8.1"]
[White "Gajek, Radoslaw"]
[Black "Jarmula, Lukasz"]
[Result "0-1"]
[LiveChessVersion "1.4.8"]
[BlackElo "2387"]
[WhiteElo "2435"]

1. c4 {[%clk 1:30:58]} Nf6 {[%clk 1:30:06]} 2. Nc3 {[%clk 1:31:20]} e5
{[%clk 1:30:30]} 3. g3 {[%clk 1:31:46]} c6 {[%clk 1:30:56]} 4. Bg2
{[%clk 1:31:31]} d5 {[%clk 1:31:19]} 5. cxd5 {[%clk 1:29:03]} cxd5
{[%clk 1:31:32]} 6. d3 {[%clk 1:29:18]} Nc6 {[%clk 1:18:29]} 7. Nf3
{[%clk 1:28:29]} d4 {[%clk 1:16:45]} 8. Nb1 {[%clk 1:28:38]} Be7 {[%clk 1:16:34]}
9. O-O {[%clk 1:28:47]} O-O {[%clk 1:16:11]} 10. Nbd2 {[%clk 1:29:12]} Be6
{[%clk 1:15:16]} 11. Nc4 {[%clk 1:23:07]} Bxc4 {[%clk 1:07:09]} 12. dxc4
{[%clk 1:23:29]} Qb6 {[%clk 1:06:49]} 13. Nd2 {[%clk 1:19:10]} Rad8
{[%clk 1:06:47]} 14. Ne4 {[%clk 1:13:16]} Nxe4 {[%clk 1:02:41]} 15. Bxe4
{[%clk 1:13:36]} f5 {[%clk 1:02:52]} 16. Bd5+ {[%clk 1:14:03]} Kh8
{[%clk 1:03:15]} 17. a3 {[%clk 1:14:18]} Bf6 {[%clk 0:59:23]} 18. Bd2
{[%clk 0:55:53]} e4 {[%clk 0:55:35]} 19. Bb4 {[%clk 0:50:54]} Be7
{[%clk 0:40:20]} 20. Bxc6 {[%clk 0:49:49]} Bxb4 {[%clk 0:40:45]} 21. Bd5
{[%clk 0:36:38]} Be7 {[%clk 0:39:02]} 22. b4 {[%clk 0:37:03]} Bf6
{[%clk 0:39:18]} 23. Rb1 {[%clk 0:36:12]} Qc7 {[%clk 0:39:09]} 24. f3
{[%clk 0:33:37]} b5 {[%clk 0:35:13]} 25. fxe4 {[%clk 0:33:10]} fxe4
{[%clk 0:35:11]} 26. Bxe4 {[%clk 0:31:44]} bxc4 {[%clk 0:34:44]} 27. Qc2
{[%clk 0:30:48]} Qe7 {[%clk 0:31:10]} 28. Kg2 {[%clk 0:27:50]} Rfe8
{[%clk 0:30:00]} 29. Bf3 {[%clk 0:26:47]} Qe6 {[%clk 0:26:58]} 30. a4
{[%clk 0:21:57]} d3 {[%clk 0:21:49]} 31. exd3 {[%clk 0:22:13]} cxd3
{[%clk 0:22:08]} 32. Qb3 {[%clk 0:20:38]} Qe3 {[%clk 0:20:38]} 33. Rbd1
{[%clk 0:19:22]} d2 {[%clk 0:17:26]} 34. Qxe3 {[%clk 0:10:33]} Rxe3
{[%clk 0:17:48]} 35. Rf2 {[%clk 0:09:56]} Bc3 {[%clk 0:17:27]} 36. Rb1
{[%clk 0:05:17]} g6 {[%clk 0:15:21]} 37. b5 {[%clk 0:02:57]} Ba5 {[%clk 0:14:22]}
38. Re2 {[%clk 0:01:29]} Ra3 {[%clk 0:06:46]} 39. Re7 {[%clk 0:01:01]} Bb6
{[%clk 0:06:24]} 40. Bd1 {[%clk 0:31:08]} Rc3 {[%clk 0:35:12]} 41. Re4
{[%clk 0:23:00]} Rc1 {[%clk 0:33:12]} 42. Reb4 {[%clk 0:23:19]} Rf8
{[%clk 0:25:18]} 0-1

[Event "MPJ C18"]
[Site "?"]
[Date "2016.03.19"]
[Round "8.2"]
[White "Szostko, Jakub"]
[Black "Karwowski, Kacper"]
[Result "1/2-1/2"]
[LiveChessVersion "1.4.8"]
[BlackElo "2127"]
[WhiteElo "2228"]

1. e4 {[%clk 1:30:57]} c5 {[%clk 1:30:54]} 2. Nf3 {[%clk 1:31:07]} e6
{[%clk 1:31:20]} 3. d4 {[%clk 1:31:26]} cxd4 {[%clk 1:31:46]} 4. Nxd4
{[%clk 1:31:50]} Nc6 {[%clk 1:32:15]} 5. Nc3 {[%clk 1:32:02]} Qc7
{[%clk 1:32:40]} 6. Be2 {[%clk 1:32:06]} a6 {[%clk 1:33:05]} 7. O-O
{[%clk 1:32:18]} Nf6 {[%clk 1:33:31]} 8. Be3 {[%clk 1:32:24]} Be7
{[%clk 1:33:50]} 9. f4 {[%clk 1:32:13]} d6 {[%clk 1:34:16]} 10. Qe1
{[%clk 1:32:16]} O-O {[%clk 1:32:15]} 11. Qg3 {[%clk 1:32:29]} Nxd4
{[%clk 1:31:31]} 12. Bxd4 {[%clk 1:32:53]} b5 {[%clk 1:30:46]} 13. a3
{[%clk 1:32:52]} Bb7 {[%clk 1:30:28]} 14. Rae1 {[%clk 1:32:29]} d5
{[%clk 1:23:22]} 15. e5 {[%clk 1:16:22]} Bc5 {[%clk 1:15:48]} 16. Qe3
{[%clk 1:15:16]} Bxd4 {[%clk 1:12:12]} 17. Qxd4 {[%clk 1:15:43]} Ne4
{[%clk 1:12:33]} 18. Nxe4 {[%clk 1:13:32]} dxe4 {[%clk 1:11:21]} 19. c3
{[%clk 1:09:41]} Rad8 {[%clk 1:08:17]} 20. Qe3 {[%clk 1:09:24]} Rd7
{[%clk 1:06:36]} 21. Rd1 {[%clk 1:07:31]} Rfd8 {[%clk 1:03:46]} 22. Kf2
{[%clk 0:58:40]} Rxd1 {[%clk 0:45:50]} 23. Rxd1 {[%clk 0:58:52]} Rxd1
{[%clk 0:46:17]} 24. Bxd1 {[%clk 0:59:19]} f5 {[%clk 0:46:02]} 25. Qd4
{[%clk 0:46:02]} Bd5 {[%clk 0:44:19]} 26. Be2 {[%clk 0:37:11]} Qb7
{[%clk 0:41:48]} 27. a4 {[%clk 0:31:47]} bxa4 {[%clk 0:38:25]} 28. Qxa4
{[%clk 0:30:16]} Qb6+ {[%clk 0:35:50]} 29. Kf1 {[%clk 0:30:07]} g6
{[%clk 0:31:19]} 30. Qe8+ {[%clk 0:29:12]} Kg7 {[%clk 0:31:39]} 31. Qe7+
{[%clk 0:29:14]} Kg8 {[%clk 0:31:02]} 32. c4 {[%clk 0:27:17]} Qxb2
{[%clk 0:28:01]} 33. Qe8+ {[%clk 0:23:39]} Kg7 {[%clk 0:28:27]} 34. Qe7+
{[%clk 0:23:33]} Kg8 {[%clk 0:28:53]} 35. Qe8+ {[%clk 0:23:16]} Kg7
{[%clk 0:29:19]} 36. Qe7+ {[%clk 0:23:43]} Kg8 {[%clk 0:29:45]} 37. Qe8+ 1/2-1/2